Coupe du monde de football Brésil 2014 - Statistiques

Statistiques générales
  • Ce quiz a été pris 412 fois
    221 depuis la dernière actualisation
  • Le résultat moyen est 8 sur 18
Statistiques - réponses
Indice Réponse % Correct
Vainqueur du tournoi Allemagne
99%
Meilleur gardien Manuel Neuer
83%
Meilleur joueur Lionel Messi
75%
Stade de la finale Maracana
59%
Joueur qui a marqué le but du Brésil lors de la défaite 7-1 contre l'Allemagne Oscar
59%
Quel joueur Luis Suarez mord-il contre l'Italie ? Giorgio Chiellini
58%
Numéro de maillot d'Antoine Griezmann 11
51%
Meilleur buteur James Rodriguez
49%
Comment a marqué Van Persie contre l'Espagne lors du match Espagne-Pays-Bas qui s'est soldé par une victoire des Pays-Bas 5 buts à 1 ? Tête plongeante
45%
Équipe qui était avec l'Allemagne, les États-Unis et le Ghana dans le groupe G Portugal
43%
Joueur qui est devenu le meilleur buteur de l'histoire des coupes du monde en marquant son 16e but Miroslav Klose
42%
Équipe qui était avec le Brésil, la Croatie et le Cameroun dans le groupe A Mexique
35%
Meilleur jeune Paul Pogba
32%
Équipe qui se qualifie deuxième de son groupe, derrière la Colombie Grèce
21%
Nom du ballon Brazuca
18%
Chanson officielle du tournoi La La La / We Are One
18%
Sélection la plus mal classée au classement FIFA au début de la compétition Australie
8%
Nom de la mascotte officielle Fuleco
1%
Aucun quiz correspondant
Distribution des résultats
% des personnes avec chaque résultat
Percentile par nombre de réponses
Votre historique - résultats
Vous n’avez pas pris ce quiz depuis la dernière actualisation